00920nam a22002417a 4500001001000000003000500010005001700015008004100032010001000073011001000083035001100093040000900104100003100113245015500144260004100299300003300340502010300373650003000476650005000506650004000556856006600596856001600662000095784CHAP20220329143124.0060524d2006 mx r 00110 spa d a92250 a93222 a103794 cCHAP1 aCerero Hernández, Noé.10aAnálisis del funcionamiento de los consejos municipales de desarrollo rural sustentable en el Estado de Guanajuato /c/por Noé Cerero Hernández. aChapingo, Méx. :bEl autor,c2006. a94 h . :bgráfs.; cuadros. aTesis (Lic. en Economía Agrícola) - - UACH. División de Ciencias Económico Administrativas14aAlianza para el progreso.14aDesarrollo de la comunidad ruralxGuanajuato.14aDesarrollo sustentablexGuanajuato. 3Finding aiduhttp://10.13.5.2/tesis/103794.pdfzTeclea aquí a1 n0001504